000 00726nam a2200193 a 4500
003 0
005 20250214141827.0
008 110617s19uu xx 00 eng d
050 _aPHS HC 443
_bL45 2011
100 _aLazo, Giuliano Miguel C.
245 _aTo what extent did the Vietnam war affect the economic status of Vietnam? /
_cGuiliano Miguel C. Lazo.
260 _aLas PiƱas City, Philippines :
_bSouthville International School and Colleges,
_c2011.
300 _a35 pages :
_billustrations ;
_c28 cm.
504 _aIncludes bibliographical references.
650 _aVietnam War, 1961-1975
_xEconomic aspects.
650 _aEconomic development
_zVietnam.
650 _aWar and economy
_zVietnam.
942 _2lcc
_cPASS
999 _c98543
_d98543